Fußball multiple choice Quiz - Statistiken

Allgemein
  • Dieses Quiz wurde 208 mal gespielt
  • Das Durchschnittsergebnis liegt bei 4 aus 15
Antwortstatistiken
Frage Antwort % Korrekt
Welcher dieser Spieler hat die meisten Tore in seiner Karriere geschossen? Robert Lewandowski
80%
Welcher dieser Trainer hat die Europa League nicht gewonnen? Arsène Wenger
73%
Welches Stadion hat die meisten Zuschauerplätze Signal Iduna Park (Dortmund)
60%
Welcher Spieler hat die meisten Elfmeter verschossen von 2010-2019? Edison Cavani
47%
Welcher dieser Spieler hat die meisten Spiele für Barca gemacht? Xavi
47%
Welcher Trainer hat die meisten gelben Karten bis 2023 Bo Svensson
27%
Welcher dieser Spieler war der teuerste Transfer? Gianluigi Buffon Parma - Juventus
27%
Welcher Torwart hat die meisten Tore geschossen? Jose Luis Chilavert
20%
Welcher Spieler hat die meisten Vorlagen von 2010-2019? Angel Di Maria
13%
Welcher Verein hat am meisten Transferausgaben im Jahr 2022/2023 Arsenal
13%
Welcher Trainer hat den besten Punkteschnitt in der Bundesliga? Giovanni Trapattoni
13%
Welcher Spieler hat die meisten Freistoßtore geschossen? Ronaldinho
7%
Welcher dieser Spieler hat die meisten gelben Karten? Dani Alves
0%
Welcher Spieler hat die wenigsten gelben Karten? Pepe
0%
Welcher Torwart hat die meisten Spiele zu 0 von 2010-2019? Stephane Ruffier
0%
Keine übereinstimmenden Quizze gefunden
Verteilung der Resultate
Anzahl Personen mit jedem Resultat
Perzentil nach korrekt beantworteten Fragen
Ihre Resultats-Entwicklung
Sie haben dieses Quiz noch nicht gespielt